Oldest NFL Player on Every Team (2020) - Statistics

General Stats
  • This quiz has been taken 212 times
    203 since last reset
  • The average score is 15 of 32
Answer Stats
Team Player Age Position % Correct
Saints Drew Brees 40 QB
98%
Patriots Tom Brady 42 QB
98%
Giants Eli Manning 38 QB
90%
Colts Adam Vinatieri 47 K
86%
Chargers Philip Rivers 38 QB
83%
Steelers Ben Roethlisberger 37 QB
82%
Dolphins Ryan Fitzpatrick 37 QB
77%
49ers Robbie Gould 37 K
70%
Panthers Greg Olsen 34 TE
68%
Bills Frank Gore 36 RB
66%
Broncos Joe Flacco 34 QB
64%
Eagles Josh McCown 40 QB
60%
Rams Andrew Whitworth 38 T
58%
Falcons Matt Schaub 38 QB
57%
Packers Tramon Williams 36 CB
57%
Jaguars Calais Campbell 33 DE
48%
Chiefs Dustin Colquitt 37 P
39%
Vikings Britton Colquitt 34 P
38%
Ravens Sam Koch 37 P
38%
Bears Chase Daniel 33 QB
33%
Seahawks Duane Brown 34 LT
30%
Cardinals Andy Lee 37 P
27%
Titans Brett Kern 33 P
26%
Raiders Richie Incognito 36 G
26%
Redskins Donald Penn 36 T
14%
Buccaneers DeMar Dotson 34 T
13%
Bengals Clark Harris 35 TE
8%
Cowboys L.P. Ladouceur 38 LS
8%
Lions Don Muhlbach 38 LS
5%
Texans Mike Adams 38 CB
5%
Jets Steve McClendon 33 DL
4%
Browns Eric Kush 30 C
3%
No matching quizzes found
Score Distribution
Percent of People with Each Score
Percentile by Number Answered
Your Score History
You have not taken this quiz since the last reset